000 00612 a2200205 4500
001 130614
020 _a85-224-2118-8
040 _cLeonardo Da Vinci
041 _aPortuguês
082 _a346.0102 P894b
_bP894b
100 _aPÓVOA, José Liberato Costa
245 _aBusca e Apreensão
_bteoria, prática, jurisprudência
250 _a3.ed
260 _bSaraiva
_c1999
_aSão Paulo
300 _a154
362 _a19990000
500 _aJosé Roberto Ferreira Gouvêa (Colaboração)
697 _aDireito Civil
_aBusca
_aApreensão
_aMedida Cautelar
_aPetições diversas
_aBrasil
_aFIPEN
942 _cBK
999 _c130614
_d130614